Statistiques concernant Tous les gagnants de l'Eurovision

Cliquez ici pour prendre le quiz!

Statistiques générales

  • Ce quiz a été pris 20 fois
  • Le résultat moyen est 61 sur 204

Statistiques - réponses

Année de victoireRéponse% Correct
Italie
71%
Pays-Bas
64%
Allemagne
57%
Arcade
57%
Finlande
57%
France
57%
Israël
57%
Måneskin
57%
Norvège
57%
Portugal
57%
Zitti e buoni
57%
Autriche
50%
Azerbaïdjan
50%
Danemark
50%
1962France
50%
Grèce
50%
Hard Rock Hallelujah
50%
Russie
50%
Serbie
50%
Suède
50%
Suède
50%
1956Suisse
50%
Toy
50%
Ukraine
50%
2017ABBA
43%
Believe
43%
Conchita Wurst
43%
Duncan Laurence
43%
Estonie
43%
Euphoria
43%
Fairytale
43%
1968France
43%
1981France Gall
43%
Israël
43%
Lettonie
43%
L'oiseau et l'enfant
43%
Lordi
43%
Loreen
43%
1980Luxembourg
43%
Marie Myriam
43%
Molitva
43%
Netta
43%
1959Pays-Bas
43%
1982Poupée de cire, poupée de son
43%
1958Refrain
43%
Rise like a phoenix
43%
Satellite
43%
2016Suède
43%
Turquie
43%
Ukraine
43%
2018Waterloo
43%
1944
36%
Alexander Rybak
36%
Céline Dion
36%
Danemark
36%
1974Danemark
36%
Diva
36%
1964Dors, mon amour
36%
1992Espagne
36%
1989Espagne
36%
Everybody
36%
Everyway that I can
36%
Fly on the wings of love
36%
1995France
36%
1996Frida Boccara
36%
Heroes
36%
2004Irlande
36%
1977Italie
36%
I wanna
36%
Jamala
36%
1991La, la, la
36%
Lena
36%
Luxembourg
36%
1957Lys Assia
36%
1990Massiel
36%
2007Monaco
36%
My number one
36%
Ne partez pas sans moi
36%
1998Pays-Bas
36%
1965Pays-Bas
36%
Royaume-Uni
36%
2001Royaume-Uni
36%
Ruslana
36%
Salvador Sobral
36%
Suisse
36%
Tom Pillibi
36%
2009Un banc, un arbre, une rue
36%
1994Vivo cantando
36%
Wild dances
36%
Belgique
29%
1960Corry Brokken
29%
Dana International
29%
Ell et Nikki
29%
1971France
29%
Irlande
29%
Irlande
29%
Irlande
29%
Irlande
29%
Italie
29%
J'aime la vie
29%
2002Lulu
29%
2010Luxembourg
29%
2013Luxembourg
29%
1961Net als toen
29%
Norvège
29%
1970Nous les amoureux
29%
Only teardrops
29%
1988Puppet on a string
29%
1986Royaume-Uni
29%
Running scared
29%
1993Salomé
29%
Sandra Kim
29%
Save your kisses for me
29%
Suède
29%
1997Un jour, un enfant
29%
1973Un premier amour
29%
A-Ba-Ni-Bi
21%
2006All kinds of everything
21%
Amar pelos dois
21%
1963André Claveau
21%
1983Autriche
21%
2003Boom Bang-a-bang
21%
Carola
21%
2005Dana
21%
1976Dansevise
21%
2000De troubadour
21%
Dima Bilan
21%
Emmelie de Forest
21%
Fångad av en stormvind
21%
1978Gigliola Cinquetti
21%
1975Grethe et Jørgen Ingmann
21%
Hallelujah
21%
Helena Paparizou
21%
Insieme: 1992
21%
Irlande
21%
Irlande
21%
1972Isabelle Aubret
21%
Israël
21%
Israël
21%
1969Jacqueline Boyer
21%
Johnny Logan
21%
Katrina and the waves
21%
1999Lenny Kuhr
21%
Love shine a light
21%
Måns Zelmerlöw
21%
Marie N
21%
1985Merci, chérie
21%
Nocturne
21%
1979Non ho l'eta
21%
Olsen Brothers
21%
Rock me
21%
Rock 'n' Roll Kids
21%
Royaume-Uni
21%
2008Séverine
21%
Suède
21%
Take me to your heaven
21%
1966Teddy Scholten
21%
The voice
21%
Toto Cutugno
21%
2015Tu te reconnaîtras
21%
1984Udo Jürgens
21%
Yougoslavie
21%
Allemagne
14%
2014Anne-Marie David
14%
2012Après toi
14%
Charlotte Nilsson
14%
Corinne Hermès
14%
Ding-a-dong
14%
Eimear Quinn
14%
Ein bißchen Frieden
14%
Gali Atari et Milk and Honey
14%
Hold me now
14%
In your eyes
14%
Izhar Cohen et The Alphabeta
14%
Jean-Claude Pascal
14%
Johnny Logan
14%
Luxembourg
14%
Making your mind up
14%
Marija Šerifović
14%
Niamh Kavanagh
14%
Nicole
14%
Norvège
14%
Paul Harrington et Charlie McGettigan
14%
2019Pays-Bas
14%
Royaume-Uni
14%
1987Sandie Shaw
14%
Secret Garden
14%
Sertab Erener
14%
Si la vie est un cadeau
14%
Suède
14%
Tanel Padar, Dave Benton et 2XL
14%
2021Teach-In
14%
2011Vicky Leandros
14%
Why me?
14%
Bobbysocks
7%
Brotherhood of a man
7%
Bucks Fizz
7%
Diggi-Loo Diggi-Ley
7%
Herreys
7%
La det swinge
7%
Linda Martin
7%
1967'n Beetje
7%
Riva
7%
What's another year
7%

Distribution des résultats

Percentile par nombre de réponses

% des personnes avec chaque résultat

Votre développement - résultats

Vous n’avez pas pris ce quiz